[Event "1er Open d'Espalion"]
[Site "Espalion (12)"]
[Date "2016.07.09"]
[Round "1.2"]
[White "Sulava, Nenad"]
[Black "Criticos, Kris"]
[Result "1-0"]
[WhiteElo "2418"]
[BlackElo "1641"]
[PlyCount "95"]
[EventDate "2016.??.??"]

1. Nf3 g6 2. e4 Bg7 3. d4 d6 4. Be3 Nf6 5. Nc3 O-O 6. Qd2 a6 7. Bh6 c5 8. O-O-O
cxd4 9. Nxd4 Bxh6 10. Qxh6 Ng4 11. Qd2 Nc6 12. h3 Nf6 13. f4 Qa5 14. Nb3 Qc7
15. g4 b5 16. Nd5 Nxd5 17. exd5 Nb8 18. Qa5 Qxa5 19. Nxa5 Ra7 20. b3 Rc7 21.
Kb2 Nd7 22. Bg2 Nb6 23. Rhe1 Re8 24. Rd2 Bb7 25. a3 Kf8 26. h4 Ba8 27. g5 e6
28. dxe6 Bxg2 29. Rxg2 fxe6 30. Rge2 Kf7 31. h5 Nd5 32. hxg6+ hxg6 33. Rh1 Rg8
34. Rh7+ Rg7 35. Rxg7+ Kxg7 36. Rxe6 Rd7 37. Re4 Kf7 38. c4 bxc4 39. Nxc4 Ne7
40. Nd2 d5 41. Rb4 Rd6 42. Nf3 Nc6 43. Rb6 Ke6 44. Rxc6 Rxc6 45. Nd4+ Kd6 46.
Nxc6 Kxc6 47. f5 Kd6 48. f6 1-0

[Event "1er Open d'Espalion"]
[Site "Espalion (12)"]
[Date "2016.07.09"]
[Round "1.3"]
[White "Ferraye, Nicolas"]
[Black "Saucey, Michel"]
[Result "0-1"]
[WhiteElo "1629"]
[BlackElo "2268"]
[PlyCount "102"]
[EventDate "2016.??.??"]

1. e4 c5 2. Nf3 g6 3. d4 cxd4 4. Nxd4 Bg7 5. Be3 Nc6 6. Nc3 Nf6 7. f3 O-O 8.
Qd2 d5 9. O-O-O Nxd4 10. Bxd4 dxe4 11. fxe4 Bg4 12. Be2 Bxe2 13. Qxe2 Qa5 14.
h4 Rfd8 15. Kb1 Rac8 16. g4 h6 17. Rd2 Qb4 18. Rhd1 Qc4 19. Rd3 {(=)} Qe6 20.
g5 hxg5 21. hxg5 Nh7 22. Bxg7 Rxd3 23. Rxd3 Kxg7 24. Qe3 b6 25. Qf4 Rc5 26. Nd5
Rc4 27. Nc3 f6 28. gxf6+ Nxf6 29. b3 Rc5 30. Qb8 Qe5 31. Qxe5 Rxe5 32. Re3 g5
33. Kc1 Kg6 34. Kd2 g4 35. Kd3 Kh5 36. Ne2 Kh4 37. Nf4 Kg5 38. Ne2 Nh5 39. Kd4
Rc5 40. c4 Nf4 41. Ng3 Ng2 42. Re2 Nh4 43. Re3 {(=)} Kf4 44. Ne2+ Kg5 45. Ng3
Nf3+ 46. Kd3 e6 47. Ne2 Rc8 48. Ng3 Rd8+ 49. Kc3 Kf4 50. Nf1 Rd1 51. Re2 Rxf1
0-1

[Event "1er Open d'Espalion"]
[Site "Espalion (12)"]
[Date "2016.07.09"]
[Round "1.4"]
[White "Moingt, Jean-Claude"]
[Black "Caudrelier, Pierre"]
[Result "1-0"]
[WhiteElo "2177"]
[BlackElo "1618"]
[PlyCount "45"]
[EventDate "2016.??.??"]

1. e4 e5 2. Nf3 Nc6 3. Bb5 Nf6 4. d3 d6 5. O-O Be7 6. c3 O-O 7. Re1 a6 8. Ba4
Re8 9. Nbd2 b5 10. Bb3 Na5 11. Bc2 c5 12. Nf1 Nc6 13. Ng3 Qb6 14. h3 Bf8 15.
Bg5 Re6 16. Bb3 Re8 17. Bxf6 gxf6 18. Nh4 Ne7 19. Bxf7+ Kxf7 20. Qh5+ Ng6 (
20... Ke6 21. Qxe8) 21. Qxh7+ Ke6 22. Qxg6 Ra7 23. Qxe8+ 1-0

[Event "1er Open d'Espalion"]
[Site "Espalion (12)"]
[Date "2016.07.09"]
[Round "1.5"]
[White "Moulie, Patrick"]
[Black "Moingt, Anne"]
[Result "0-1"]
[WhiteElo "1611"]
[BlackElo "2073"]
[PlyCount "42"]
[EventDate "2016.??.??"]

1. e4 c5 2. Nc3 Nc6 3. f4 g6 4. Nf3 Bg7 5. d3 e6 6. Bd2 Nge7 7. g3 d6 8. Bg2
O-O 9. O-O Rb8 10. Qe1 b5 11. Nd1 b4 12. c3 bxc3 13. Bxc3 Nd4 14. Rc1 Ba6 15.
Qe3 Nec6 16. Nf2 Qb6 17. h3 Nxf3+ 18. Bxf3 Nd4 19. Bg2 c4 20. dxc4 Bxc4 21.
Rfd1 Ne2+ 0-1

[Event "1er Open d'Espalion"]
[Site "Espalion (12)"]
[Date "2016.07.09"]
[Round "1.6"]
[White "Degraeve, Remy"]
[Black "Dubertrand, Bernard"]
[Result "1-0"]
[WhiteElo "2015"]
[BlackElo "1583"]
[PlyCount "39"]
[EventDate "2016.??.??"]

1. d4 Nf6 2. c4 d5 3. cxd5 Nxd5 4. Nf3 Nc6 5. e4 Nf6 6. Nc3 Bg4 7. d5 Ne5 8.
Nxe5 Bxd1 9. Bb5+ c6 10. dxc6 a6 11. c7+ axb5 12. cxd8=Q+ Rxd8 13. Nxd1 Nxe4
14. Nc3 Nd6 15. Be3 f6 16. Nf3 Rc8 17. Ke2 Nf5 18. Rac1 Nd6 19. Nd4 Nc4 20.
Ncxb5 1-0

[Event "1er Open d'Espalion"]
[Site "Espalion (12)"]
[Date "2016.07.09"]
[Round "1.7"]
[White "Dutertre, Jean-Michel"]
[Black "Jarreton, Herve"]
[Result "0-1"]
[WhiteElo "1583"]
[BlackElo "2010"]
[PlyCount "64"]
[EventDate "2016.??.??"]

1. d4 Nf6 2. Nf3 c5 3. c3 e6 4. Bg5 cxd4 5. Nxd4 Bc5 6. e3 h6 7. Bf4 Nd5 8. Bg3
O-O 9. Nb3 Be7 10. N1d2 f5 11. Nf3 g5 12. Bxb8 Rxb8 13. Bd3 g4 14. Nfd4 Nf6 15.
Qc2 d5 16. O-O Ne4 17. Rae1 Bd6 18. g3 e5 19. Nb5 Ng5 20. Be2 Be6 21. Rd1 Be7
22. Bxg4 a6 23. Na3 Qe8 24. Be2 f4 25. exf4 exf4 26. Nd4 Bh3 27. Rfe1 Qf7 28.
f3 fxg3 29. hxg3 Bd6 30. Kh1 Bxg3 31. Rg1 Qh5 32. f4 Bg4+ 0-1

[Event "1er Open d'Espalion"]
[Site "Espalion (12)"]
[Date "2016.07.09"]
[Round "1.8"]
[White "Lagunes, Jean-Renaud"]
[Black "Brochet, Thierry"]
[Result "1/2-1/2"]
[WhiteElo "2009"]
[BlackElo "1582"]
[PlyCount "125"]
[EventDate "2016.??.??"]

1. e4 c5 2. Nf3 a6 3. b3 d6 4. Bb2 Nc6 5. a4 Bg4 6. Bc4 e6 7. O-O Nf6 8. Re1
Be7 9. h3 Bh5 10. Bf1 Bg6 11. Nc3 O-O 12. Nh4 Bxe4 13. Nxe4 Nxe4 14. Rxe4 Bxh4
15. Qh5 Bf6 16. c3 g6 17. Qd1 d5 18. Re1 Bg7 19. g3 Qc7 20. h4 Rad8 21. h5 d4
22. Qc2 Ne5 $17 23. Bg2 Nd3 $1 $19 24. hxg6 hxg6 25. Re4 Nxb2 26. Qxb2 dxc3 27.
dxc3 Rd3 28. Rc1 Rfd8 29. Rc2 b6 30. Bf1 Rd1 31. Rce2 a5 32. Qc2 R8d7 33. Kg2
Qd8 34. b4 cxb4 35. cxb4 Rc7 36. Qa2 axb4 (36... Ra1 37. Qd2 Rd7 38. Qc2 Rdd1)
37. Rh4 Rcc1 (37... Qa8+ 38. Rhe4 (38. f3 Rxf1 39. Kxf1 Qxf3+ 40. Kg1 (40. Rf2
Rc1#) 40... Qxg3+ 41. Kh1 Rc1+) 38... Rcc1) 38. Rh1 Qa8+ 39. f3 Ra1 40. Qc4 Bc3
41. Rxe6 Rd2+ 42. Re2 Rxe2+ 43. Bxe2 Rxh1 44. Kxh1 Qxa4 45. Qd5 Qa1+ 46. Bd1
Qc1 47. Kg2 Qd2+ 48. Qxd2 Bxd2 49. g4 g5 50. Kf2 Kf8 51. Ke2 Bc3 52. Kd3 Ke7
53. Kc4 Kd6 54. Bc2 f6 55. Be4 Ke5 56. Kb3 Kd4 57. Ba8 Kd3 58. Bb7 Ke3 59. Ba8
Kf4 60. Bb7 f5 61. gxf5 Kxf5 62. Ba8 Kf4 63. Bb7 1/2-1/2

[Event "1er Open d'Espalion"]
[Site "Espalion (12)"]
[Date "2016.07.09"]
[Round "1.9"]
[White "Marie, Olivier"]
[Black "Tagnon, Nicole"]
[Result "0-1"]
[WhiteElo "1560"]
[BlackElo "1935"]
[PlyCount "70"]
[EventDate "2016.??.??"]

1. e4 c5 2. c4 e6 3. Nc3 a6 4. g3 Qc7 5. Bg2 Nf6 6. Nge2 Be7 7. O-O O-O 8. e5
Qxe5 9. d4 cxd4 10. Bf4 Qa5 11. Na4 e5 12. Bd2 Qd8 13. Qb3 Nc6 14. Nb6 Rb8 15.
a4 d6 16. a5 Bf5 17. Nc1 Ne4 18. Bxe4 Bxe4 19. Qa4 Na7 20. b4 Bc6 21. Qa2 Bf6
22. Nb3 Nc8 23. Nd5 Bxd5 24. cxd5 Ne7 25. Nc1 Qd7 26. Ne2 Qb5 27. Rfe1 Qxd5 28.
Qa3 Rfc8 29. Rad1 Qb5 30. Qf3 Qd7 31. Nc1 Qf5 32. Qa3 Qd7 33. Qf3 Qc6 34. Qg4
Qc2 35. Bh6 Qf5 0-1

[Event "1er Open d'Espalion"]
[Site "Espalion (12)"]
[Date "2016.07.09"]
[Round "1.10"]
[White "Rollot, Jean-Louis"]
[Black "Gaubert, Cedric"]
[Result "0-1"]
[WhiteElo "1914"]
[BlackElo "1518"]
[PlyCount "106"]
[EventDate "2016.??.??"]

1. c4 c5 2. g3 Nf6 3. Bg2 Nc6 4. Nc3 d6 5. Nf3 Bd7 6. d4 cxd4 7. Nxd4 Rc8 8.
O-O g6 9. Rb1 Bg7 10. Nb3 b6 11. Bf4 O-O 12. Nb5 a6 13. Na3 Nh5 14. Bg5 h6 15.
Bd2 Rc7 16. Bc3 Bxc3 17. bxc3 Ne5 18. Nd4 Nxc4 19. Nxc4 Rxc4 20. Qb3 b5 21. Bd5
Rc7 22. Qc2 Kg7 23. Qd2 Nf6 24. Bg2 Qc8 25. Rfc1 Rd8 26. e4 e5 27. Nb3 Bc6 28.
Qe3 Qa8 29. Re1 Rdc8 30. Na5 Bd7 31. Qb6 Ne8 32. Rbd1 Rxc3 33. h4 Rb8 34. Nb7
Qxb7 35. Qa5 b4 36. Rxd6 Qb5 37. Rxa6 Ra3 38. Qxb5 Rxb5 39. Rxa3 bxa3 40. Bf1
Rb2 41. Bc4 Be6 42. Bxe6 fxe6 43. Ra1 Nd6 44. f3 Nc4 45. f4 Nd2 46. f5 exf5 47.
exf5 Rb1+ 48. Rxb1 Nxb1 49. Kf2 Nc3 50. Ke3 Nxa2 51. Kd3 Nb4+ 52. Kc3 a2 53.
Kb2 e4 0-1

[Event "1er Open d'Espalion"]
[Site "Espalion (12)"]
[Date "2016.07.09"]
[Round "1.11"]
[White "Lemaire, Frederic"]
[Black "Marazanof, Jean-Francois"]
[Result "0-1"]
[WhiteElo "1468"]
[BlackElo "1910"]
[PlyCount "67"]
[EventDate "2016.??.??"]

1. e4 c5 2. Nc3 e6 3. g3 Nc6 4. Bg2 g6 5. f4 Bg7 6. Nf3 Nge7 7. d3 O-O 8. Be3
Nd4 9. Qd2 Rb8 10. Rb1 b5 11. O-O b4 12. Nd1 d6 13. b3 Bd7 14. e5 dxe5 15. Nxe5
Be8 16. Nf2 Nd5 17. Ne4 Qc7 18. Nc4 Bb5 19. Rf2 Bxc4 20. Bxd4 Bxd4 21. dxc4 Nc3
22. Rbf1 Nxe4 23. Bxe4 Rfd8 24. Kg2 Bxf2 25. Qxf2 Rd4 26. Qf3 Rd2+ 27. Kg1 Qd6
28. h4 Qd4+ 29. Kh1 Rd8 30. Bd3 h5 31. g4 hxg4 32. Qxg4 Rxd3 33. cxd3 Qxd3 34.
h5 0-1

[Event "1er Open d'Espalion"]
[Site "Espalion (12)"]
[Date "2016.07.09"]
[Round "1.12"]
[White "Mestrallet, Ivan"]
[Black "Haverlan, Jules"]
[Result "0-1"]
[WhiteElo "1910"]
[BlackElo "1457"]
[PlyCount "98"]
[EventDate "2016.??.??"]

1. e4 Nf6 2. Nc3 d5 3. exd5 Nxd5 4. Nf3 Bg4 5. Be2 e6 6. h3 Bh5 7. d3 Bb4 8.
Bd2 Nd7 9. Ne4 Be7 10. c4 N5f6 11. Qc2 c6 12. O-O O-O 13. Rad1 Qc7 14. Bc3 Rfd8
15. Rfe1 Nxe4 16. dxe4 Bg6 17. b4 c5 18. a3 Bf6 19. Bd3 Ne5 20. Nxe5 Bxe5 21.
Rf1 Bxc3 22. Qxc3 Rd4 23. Rd2 Rad8 24. Rfd1 Qd6 25. f3 b5 26. bxc5 Qxc5 27. Kf1
bxc4 28. Rb1 Qd6 29. e5 Bxd3+ 30. Kf2 Qxe5 31. Rb7 Qc5 32. Kg3 h5 33. Rdb2 h4+
34. Kh2 a6 35. R2b6 R4d6 36. Rb2 Qd4 37. Qc1 e5 38. Qe1 Qf4+ 39. Kg1 e4 40. Re7
exf3 41. Rf2 Bf5 42. Rxf3 Qd4+ 43. Kh2 Be6 44. Rc7 Qb6 45. Re7 Rd1 46. Qxh4
Qg1+ 47. Kg3 Qe1+ 48. Rf2 R8d3+ 49. Kf4 Qe3# 0-1

[Event "1er Open d'Espalion"]
[Site "Espalion (12)"]
[Date "2016.07.09"]
[Round "1.13"]
[White "Bois, Samuel"]
[Black "Degraeve, Thomas"]
[Result "0-1"]
[WhiteElo "1438"]
[BlackElo "1905"]
[PlyCount "75"]
[EventDate "2016.??.??"]

1. c4 b6 2. g3 Bb7 3. Nf3 e6 4. Bg2 f5 5. d4 Nf6 6. Nc3 Bb4 7. O-O Bxc3 8. bxc3
d6 9. c5 O-O 10. Ng5 Bxg2 11. Kxg2 Qd7 12. cxd6 cxd6 13. Qb3 Re8 14. Bb2 Nc6
15. c4 Na5 16. Qb5 Rac8 17. Qxd7 Nxd7 18. d5 e5 19. Rad1 Nxc4 20. Ba1 h6 21.
Ne6 Nf6 22. Rd3 g6 23. Rfd1 Nxd5 24. Ng7 Kxg7 25. Rxd5 Kf7 26. Rxd6 Nxd6 27.
Rxd6 Rcd8 28. Bxe5 Rxd6 29. Bxd6 Rxe2 30. a3 Ke6 31. Bb4 a5 32. Bf8 h5 33. Kf3
Rb2 34. Ke3 b5 35. Bc5 Kd5 36. Bf8 Kc4 37. Kf4 Rxf2+ 38. Kg5 0-1

[Event "1er Open d'Espalion"]
[Site "Espalion (12)"]
[Date "2016.07.09"]
[Round "1.14"]
[White "Kohler, Paul"]
[Black "Ausseil, Pascal"]
[Result "1-0"]
[WhiteElo "1864"]
[BlackElo "1399"]
[PlyCount "37"]
[EventDate "2016.??.??"]

1. Nf3 Nc6 2. d4 d5 3. c4 Bf5 4. cxd5 Nb4 5. Qa4+ Qd7 6. Qxb4 O-O-O 7. Qb3 Nf6
8. Nc3 a6 9. Ne5 Qe8 10. g3 Nxd5 11. Bg2 c6 12. Nxd5 Be6 13. Nb6+ Kc7 14. d5
cxd5 15. Bf4 Rd6 16. Nxd5+ Bxd5 17. Bxd5 Rb6 18. Rc1+ Kd8 19. Qxb6# 1-0

[Event "1er Open d'Espalion"]
[Site "Espalion (12)"]
[Date "2016.07.09"]
[Round "1.15"]
[White "Jonker, Jan"]
[Black "Brison, Lucas"]
[Result "0-1"]
[WhiteElo "1380"]
[BlackElo "1856"]
[PlyCount "128"]
[EventDate "2016.??.??"]

1. d4 d5 2. c4 c6 3. Nc3 e6 4. Nf3 Nf6 5. Bg5 Nbd7 6. cxd5 exd5 7. e3 Be7 8.
Bd3 O-O 9. O-O Re8 10. Qc2 Nf8 11. Rfe1 Ne4 12. Bxe7 Qxe7 13. Nd2 Nxd2 14. Qxd2
Qg5 15. f4 Qf6 16. Bc2 Ng6 17. Qf2 Bf5 18. e4 Bxe4 19. Nxe4 dxe4 20. g3 Rad8
21. f5 Ne7 22. Rxe4 Nc8 23. Re5 Rxe5 24. dxe5 Qxe5 25. Bb3 Qd4 26. Qxd4 Rxd4
27. Rd1 Rxd1+ 28. Bxd1 f6 29. Kf2 Kf8 30. Bb3 Ke7 31. Ke3 Kd6 32. Bg8 h6 33.
Kf4 Ne7 34. Be6 Nd5+ 35. Ke4 b6 36. h3 Nc7 37. Bc8 Nb5 38. g4 Kc5 39. Bd7 Nd6+
40. Kd3 Nc4 41. Kc3 Ne5 42. Be8 Nf3 43. a4 Ng5 44. b4+ Kd6 45. h4 Nf3 46. b5
cxb5 47. Bxb5 Nxh4 48. Kd4 Nf3+ 49. Ke4 Nd2+ 50. Kf4 Nb1 51. Kg3 Nc3 52. Be8 a6
53. Kh4 Ke5 54. Kh5 Kf4 55. Kg6 Kxg4 56. Kxg7 Kg5 57. Bc6 b5 58. a5 Na4 59. Bd7
Nc5 60. Bc8 b4 61. Be6 b3 62. Bc4 b2 63. Ba2 h5 64. Bb1 h4 0-1

[Event "1er Open d'Espalion"]
[Site "Espalion (12)"]
[Date "2016.07.09"]
[Round "1.16"]
[White "Rollot, Florence"]
[Black "Bonot, Bernard"]
[Result "1-0"]
[WhiteElo "1845"]
[BlackElo "1374"]
[PlyCount "55"]
[EventDate "2016.??.??"]

1. Nf3 b6 2. g3 Bb7 3. Bg2 Nf6 4. c4 e6 5. O-O Be7 6. Nc3 O-O 7. a3 d6 8. b4
Nbd7 9. Bb2 h6 10. Qc2 Rb8 11. d4 d5 12. cxd5 exd5 13. Nb5 a6 14. Na7 Ra8 15.
Nc6 Bxc6 16. Qxc6 Ra7 17. Ne5 Nb8 18. Qc2 Nbd7 19. Nc6 Qa8 20. Nxe7+ Kh8 21.
Qf5 Qe8 22. Nxd5 Qxe2 23. Nxf6 Nxf6 24. Rab1 Qe7 25. Rfe1 Qd6 26. d5 Raa8 27.
Bxf6 gxf6 28. Be4 1-0

[Event "1er Open d'Espalion"]
[Site "Espalion (12)"]
[Date "2016.07.09"]
[Round "1.17"]
[White "Meyer, Bernard"]
[Black "Alnakshbandi, Raed"]
[Result "0-1"]
[WhiteElo "1354"]
[BlackElo "1824"]
[PlyCount "66"]
[EventDate "2016.??.??"]

1. d4 d5 2. c4 e6 3. Nc3 f5 4. e3 Nf6 5. Nf3 c6 6. Bd3 Bd6 7. O-O O-O 8. Re1
Ne4 9. Bc2 Nd7 10. cxd5 exd5 11. Bd2 Qe8 12. h3 Qh5 13. Nh2 Qh4 14. Qe2 Bxh2+
15. Kxh2 Qxf2 16. Qxf2 Nxf2 17. Rf1 Ne4 18. Rf4 Nxd2 19. Rd1 Ne4 20. Rdf1 Ndf6
21. Nxe4 Nxe4 22. Bxe4 dxe4 23. g4 g6 24. gxf5 Rxf5 25. h4 Be6 26. b3 Raf8 27.
Kg3 Rxf4 28. Rxf4 Rxf4 29. Kxf4 Bd5 30. Kg5 Kg7 31. h5 h6+ 32. Kg4 g5 33. Kf5
a5 0-1

[Event "1er Open d'Espalion"]
[Site "Espalion (12)"]
[Date "2016.07.09"]
[Round "1.18"]
[White "Kedinger, Christian"]
[Black "Rollot, Nathalie"]
[Result "1-0"]
[WhiteElo "1820"]
[BlackElo "1344"]
[PlyCount "117"]
[EventDate "2016.??.??"]

1. e4 e5 2. Nf3 Nc6 3. c3 Nf6 4. d4 exd4 5. e5 Ng4 6. cxd4 d6 7. h3 Nh6 8. Bxh6
gxh6 9. Bb5 Bd7 10. Qe2 Qe7 11. O-O Rg8 12. Kh1 O-O-O 13. Re1 dxe5 14. dxe5 Rg6
15. Nc3 a6 16. Bd3 Re6 17. Bf5 Bg7 18. Bxe6 Qxe6 19. Rad1 Qg6 20. Nd5 Re8 21.
Qe4 Be6 22. Qf4 Qc2 23. Rd2 Qc5 24. Qe4 Qa5 25. b4 Bxd5 26. bxa5 Bxe4 27. Rxe4
Nxa5 28. Rd5 Nc6 29. Nd4 f6 30. Nxc6 bxc6 31. Ra5 fxe5 32. f4 Kb7 33. fxe5 Kb6
34. Ra3 Rxe5 35. Rxe5 Bxe5 36. Kg1 Kb5 37. Kf1 c5 38. Ke2 c4 39. Kd1 a5 40. Kc2
Kb4 41. Rf3 a4 42. g4 c3 43. Rf5 Bd4 44. Rf8 c5 45. Rf7 Ka3 46. Ra7 Kb4 47.
Rxh7 Be3 48. Rh8 Bg5 49. Re8 Bd2 50. Rg8 Ka3 51. Ra8 Kb4 52. Rd8 Bg5 53. Rd6
Bd2 54. h4 Ka3 55. Rxd2 cxd2 56. g5 d1=Q+ 57. Kxd1 Kxa2 58. Kc2 Ka3 59. gxh6
1-0

[Event "1er Open d'Espalion"]
[Site "Espalion (12)"]
[Date "2016.07.09"]
[Round "1.19"]
[White "Fabre, Jean-Michel"]
[Black "Lagunes, Robin"]
[Result "0-1"]
[WhiteElo "1328"]
[BlackElo "1814"]
[PlyCount "74"]
[EventDate "2016.??.??"]

1. d4 Nf6 2. c4 e6 3. Nc3 d5 4. Nf3 Be7 5. Bg5 b6 6. e3 Bb7 7. cxd5 exd5 8. Bd3
Nbd7 9. O-O O-O 10. Qc2 h6 11. Bh4 c5 12. b3 Rc8 13. Rae1 g5 14. Bg3 cxd4 15.
Nxd4 Bb4 16. Nde2 d4 17. exd4 Nd5 18. Bc4 Nxc3 19. Nxc3 Bxc3 20. Qxc3 b5 21.
Bxf7+ Rxf7 22. Qd3 Qf6 23. Qxb5 Qc6 24. Qxc6 Rxc6 25. Rc1 Rff6 26. Rcd1 Rc2 27.
a3 Nb6 28. Rde1 Nd5 29. Re5 Bc6 30. Ree1 Nc3 31. Be5 Rf7 32. Re3 Ne2+ 33. Kh1
Nf4 34. Bxf4 Rxf4 35. Kg1 Bb5 36. g3 Rf8 37. Re6 Bxf1 0-1

[Event "1er Open d'Espalion"]
[Site "Espalion (12)"]
[Date "2016.07.09"]
[Round "1.20"]
[White "Flaujac, Benoit"]
[Black "Ferraye, Elio"]
[Result "1-0"]
[WhiteElo "1809"]
[BlackElo "1250"]
[PlyCount "75"]
[EventDate "2016.??.??"]

1. e4 e5 2. Nf3 Nc6 3. d4 exd4 4. Bc4 h6 5. O-O Bc5 6. c3 Nge7 7. cxd4 Bb6 8.
Nc3 O-O 9. Re1 d6 10. h3 Ng6 11. a3 Qf6 12. Nd5 Qd8 13. b4 a5 14. Nxb6 cxb6 15.
b5 Na7 16. Bb2 Nh4 17. Rc1 Bd7 18. a4 Qf6 19. Nxh4 Qxh4 20. Qf3 Kh7 21. e5 dxe5
22. dxe5 Kg8 23. Re4 Qe7 24. Ba3 Qd8 25. Bxf8 Qxf8 26. e6 fxe6 27. Bxe6+ Bxe6
28. Qxf8+ Rxf8 29. Rxe6 Rf4 30. Rxb6 Rxa4 31. Rxb7 Ra2 32. Rxa7 a4 33. b6 a3
34. b7 Rb2 35. Rc8+ Kh7 36. b8=Q Rxb8 37. Rxb8 a2 38. Rxa2 1-0

[Event "1er Open d'Espalion"]
[Site "Espalion (12)"]
[Date "2016.07.09"]
[Round "1.21"]
[White "Rollot, Priscillia"]
[Black "Carno, Matthias"]
[Result "0-1"]
[WhiteElo "1210"]
[BlackElo "1792"]
[PlyCount "44"]
[EventDate "2016.??.??"]

1. e4 e5 2. Nf3 Nc6 3. Bb5 a6 4. Bc4 Nf6 5. Nc3 Nxe4 6. Nxe4 d5 7. Bb3 dxe4 8.
Ng1 Bc5 9. d3 O-O 10. dxe4 Bxf2+ 11. Kxf2 Qxd1 12. c3 Qg4 13. h3 Qxe4 14. Nf3
Be6 15. Ng5 Qh4+ 16. Kf1 Rad8 17. Bc2 Bc4+ 18. Kg1 h6 19. Bh7+ Kh8 20. Nf3 Qg3
21. Bf5 Rd1+ 22. Ne1 Rxe1# 0-1

[Event "1er Open d'Espalion"]
[Site "Espalion (12)"]
[Date "2016.07.09"]
[Round "1.23"]
[White "Ausseil-Bordignon, Aurelien"]
[Black "Mourgues, Joelle"]
[Result "0-1"]
[WhiteElo "1009"]
[BlackElo "1717"]
[PlyCount "64"]
[EventDate "2016.??.??"]

1. e4 c5 2. Bb5 Nc6 3. Nf3 Nf6 4. Nc3 e6 5. O-O a6 6. Ba4 d6 7. d4 Be7 8. e5
dxe5 9. Nxe5 Bd7 10. Bg5 b5 11. Nxc6 Bxc6 12. Bxf6 Bxf6 13. Nxb5 Bxb5 14. Bxb5+
axb5 15. dxc5 Qxd1 16. Raxd1 O-O 17. h3 g6 18. b3 Rxa2 19. Rc1 Ra7 20. c4 b4
21. c6 Bd4 22. Rcd1 e5 23. Kh1 Rc8 24. f4 f6 25. fxe5 Bxe5 26. Rd5 Rxc6 27.
Rd8+ Kg7 28. Rc1 Ra2 29. Re1 Rc2 30. Rd7+ Kh6 31. Kg1 Ra6 32. Re4 Ra1+ 0-1

[Event "1er Open d'Espalion"]
[Site "Espalion (12)"]
[Date "2016.07.09"]
[Round "1.24"]
[White "Verat-Fayolle, Celian"]
[Black "Muller-Moingt, Bastien"]
[Result "1-0"]
[WhiteElo "1680"]
[BlackElo "1009"]
[PlyCount "47"]
[EventDate "2016.??.??"]

1. e4 e5 2. Nf3 Nf6 3. Nxe5 Nxe4 4. Qe2 d5 5. d3 Ng5 6. Nc6+ Be7 7. Nxd8 h6 8.
Bxg5 hxg5 9. Nc3 c6 10. O-O-O O-O 11. Qxe7 Bg4 12. f3 Bh5 13. Qxb7 Rxd8 14.
Qxa8 c5 15. Qxa7 Rd7 16. Qxb8+ Kh7 17. g4 Bg6 18. Ne4 f5 19. Nxg5+ Kh6 20. Qf4
fxg4 21. fxg4 Ra7 22. a3 Bh7 23. Nf7+ Kg6 24. Qf5# 1-0

[Event "1er Open d'Espalion"]
[Site "Espalion (12)"]
[Date "2016.07.10"]
[Round "2.1"]
[White "Degraeve, Jean-Marc"]
[Black "Brison, Lucas"]
[Result "1-0"]
[WhiteElo "2579"]
[BlackElo "1856"]
[PlyCount "89"]
[EventDate "2016.??.??"]

1. e4 c5 2. Nf3 Nc6 3. Bb5 Nf6 4. Nc3 Qc7 5. O-O Nd4 6. Re1 e5 7. Bc4 a6 8. d3
Be7 9. a4 b6 10. Nd2 d6 11. Nf1 Be6 12. Ne3 O-O 13. Ncd5 Qb7 14. c3 Nc6 15. Qf3
b5 16. Ba2 b4 17. Bc4 Na5 18. cxb4 Nxc4 19. dxc4 Bxd5 20. cxd5 Qxb4 21. Re2 Qb7
22. Nf5 Qd7 23. Bg5 Bd8 24. Bh6 g6 25. Bxf8 gxf5 26. Bh6 f4 27. Bg5 Qg4 28.
Bxf6 Qxf3 29. gxf3 Bxf6 30. b4 cxb4 31. Rc2 Kf8 32. Rac1 Bd8 33. Rc8 Rxc8 34.
Rxc8 Ke7 35. Kf1 Kd7 36. Ra8 Bb6 37. Rxa6 Kc7 38. a5 Bc5 39. Rc6+ Kb7 40. Ke2
b3 41. Kd3 f5 42. a6+ Ka7 43. Rxc5 fxe4+ 44. fxe4 dxc5 45. d6 1-0

[Event "1er Open d'Espalion"]
[Site "Espalion (12)"]
[Date "2016.07.10"]
[Round "2.2"]
[White "Alnakshbandi, Raed"]
[Black "Sulava, Nenad"]
[Result "0-1"]
[WhiteElo "1824"]
[BlackElo "2418"]
[PlyCount "46"]
[EventDate "2016.??.??"]

1. d4 Nf6 2. e3 b6 3. Be2 e6 4. Bf3 d5 5. Ne2 Bd6 6. O-O O-O 7. g3 Ba6 8. Re1
c5 9. c3 Nc6 10. Bg2 e5 11. dxc5 bxc5 12. Qa4 Qc8 13. Na3 e4 14. Bf1 Ne5 15.
Rd1 Bxe2 16. Bxe2 Qh3 17. f4 exf3 18. Bf1 Qh5 19. h3 f2+ 20. Kxf2 Qf3+ 21. Ke1
Ne4 22. Rxd5 Nd3+ 23. Rxd3 Bxg3# 0-1

[Event "1er Open d'Espalion"]
[Site "Espalion (12)"]
[Date "2016.07.10"]
[Round "2.3"]
[White "Saucey, Michel"]
[Black "Rollot, Florence"]
[Result "1-0"]
[WhiteElo "2268"]
[BlackElo "1845"]
[PlyCount "67"]
[EventDate "2016.??.??"]

1. d4 Nf6 2. Nf3 c5 3. d5 b5 4. c4 Bb7 5. Qb3 b4 6. Nbd2 g6 7. e4 d6 8. g3 Nbd7
9. Bg2 Bg7 10. O-O O-O 11. Re1 Qc7 12. h3 Bc8 13. Nf1 Nb6 14. Bf4 Nh5 15. Bd2
Bd7 16. Rab1 a5 17. g4 Nf6 18. e5 dxe5 19. Nxe5 Ba4 20. Qd3 Rad8 21. Bf4 Qc8
22. Qe2 Rfe8 23. b3 Bd7 24. Ng3 h6 25. Rbd1 Qc7 26. Nxg6 Qa7 27. Nxe7+ Kf8 28.
d6 Nc8 29. Qc2 Be6 30. Nef5 Bxf5 31. Qxf5 Qd7 32. Qxc5 Qa7 33. Qxa7 Nxa7 34.
Nf5 1-0

[Event "1er Open d'Espalion"]
[Site "Espalion (12)"]
[Date "2016.07.10"]
[Round "2.4"]
[White "Lagunes, Robin"]
[Black "Moingt, Jean-Claude"]
[Result "1/2-1/2"]
[WhiteElo "1814"]
[BlackElo "2177"]
[PlyCount "99"]
[EventDate "2016.??.??"]

1. c4 Nf6 2. Nc3 g6 3. g3 Bg7 4. Bg2 O-O 5. e3 c6 6. Nge2 d5 7. cxd5 cxd5 8. d4
Nc6 9. O-O b6 10. b3 Ba6 11. Ba3 Qd7 12. Re1 Rfc8 13. Rc1 e6 14. Qd2 Rc7 15.
Nf4 Rac8 16. Nd3 Bh6 17. f4 Qe8 18. h3 Bf8 19. Bxf8 Qxf8 20. g4 Nd7 21. Nf2 Qb4
22. Nfd1 Na5 23. e4 dxe4 24. Bxe4 Nf6 25. g5 Nxe4 26. Rxe4 Bb7 27. Re3 Rd8 28.
Rd3 Ba6 29. Ne2 Qd6 30. Rxc7 Qxc7 31. Re3 Bxe2 32. Rxe2 Qd6 33. Nc3 Qxd4+ 34.
Qxd4 Rxd4 35. Ne4 Kg7 36. Kf2 Nc6 37. Ke3 Rd8 38. Rc2 Ne7 39. Nf6 Nd5+ 40. Nxd5
Rxd5 41. Rc7 a5 42. Rb7 b5 43. a3 Rc5 44. Kd4 Rd5+ 45. Ke4 Rf5 46. h4 Rc5 47.
Kd4 Rf5 48. Ke4 Rc5 49. Kd4 Rf5 50. Ke4 1/2-1/2

[Event "1er Open d'Espalion"]
[Site "Espalion (12)"]
[Date "2016.07.10"]
[Round "2.5"]
[White "Moingt, Anne"]
[Black "Kedinger, Christian"]
[Result "1/2-1/2"]
[WhiteElo "2073"]
[BlackElo "1820"]
[PlyCount "172"]
[EventDate "2016.??.??"]

1. e4 g6 2. d4 Bg7 3. Nf3 d6 4. Bc4 e6 5. O-O Ne7 6. Bb3 O-O 7. Re1 b6 8. c3
Nd7 9. Bg5 h6 10. Be3 Bb7 11. Nbd2 Nf6 12. Bf4 Nh5 13. Be3 Nf6 14. Bc2 Ng4 15.
Bf4 e5 16. Bg3 f5 17. exf5 Nxf5 18. dxe5 Nxg3 19. hxg3 Nxe5 20. Nd4 Qf6 21. f4
Nc6 22. Re6 Qd8 23. Rxg6 Nxd4 24. cxd4 Qe8 25. Nf3 Be4 26. Bxe4 Qxe4 27. Qb3+
Kh7 28. Re6 Qc6 29. Qd3+ Kg8 30. Rae1 Rae8 31. Qg6 Rxe6 32. Qxe6+ Kh7 33. Qe3
Qd5 34. Qe4+ Qxe4 35. Rxe4 Kg8 36. Kf2 Kf7 37. b3 c6 38. g4 Re8 39. Ke3 d5 40.
Rxe8 Kxe8 41. g5 hxg5 42. Nxg5 Ke7 43. g4 c5 44. dxc5 bxc5 45. Nf3 Kd6 46. Kd3
Ke6 47. Nh4 Bb2 48. Kc2 Bd4 49. Nf5 Bf6 50. Kd3 a5 51. a4 Bb2 52. Ne3 Bc1 53.
Ng2 Bb2 54. Ke2 Bc1 55. Kf3 Bd2 56. Nh4 Kf7 57. g5 Kg8 58. Nf5 Kf7 59. Nd6+ Ke6
60. g6 Bc3 61. Ne8 Bb2 62. Nc7+ Kd6 63. Nb5+ Ke7 64. f5 Bf6 65. Kf4 Bb2 66. Na7
Kf6 67. Nc6 Bc3 68. Kg4 Bd2 69. Nd8 c4 70. bxc4 dxc4 71. Ne6 Bh6 72. Nc5 Ke5
73. Nd7+ Kd6 74. f6 c3 75. g7 c2 76. g8=Q c1=Q 77. f7 Qf4+ 78. Kh5 Kxd7 79.
Qe8+ Kd6 80. Qb8+ Ke7 81. Qe8+ Kf6 82. f8=Q+ Bxf8 83. Qxf8+ Ke5 84. Qc5+ Ke6
85. Qb6+ Qd6 86. Qxa5 Qd5+ 1/2-1/2